书目信息 |
| 题名: |
考研英语真题超精读:基础篇
|
|
| 作者: | 陈正康 主编 | |
| 分册: | ||
| 出版信息: | 北京 北京理工大学出版社 2013.02 |
|
| 页数: | 316页 | |
| 开本: | 28cm | |
| 丛书名: | ||
| 单 册: | ||
| 中图分类: | H319.6 | |
| 科图分类: | ||
| 主题词: | 英语 | |
| 电子资源: | ||
| ISBN: | 7-5640-6881-7 | |
| 000 | 00616nam0 2200193 450 | |
| 001 | 1333282663 | |
| 005 | 20131227152442.57 | |
| 010 | @a7-5640-6881-7@dCNY39.80 | |
| 100 | @a20131225d2013 km y0chiy0120 ea | |
| 101 | 0 | @achi |
| 102 | @aCN@b110000 | |
| 200 | 1 | @a考研英语真题超精读:基础篇@Akao yan ying yu zhen ti chao jing du:ji chu pian@f陈正康主编@Fchen zheng kang zhu bian |
| 210 | @a北京@c北京理工大学出版社@d2013.02 | |
| 215 | @a316页@d28cm | |
| 606 | 0 | @a英语 |
| 690 | @aH319.6@v4 | |
| 701 | 0 | @a陈正康@Achen zheng kang@4主编 |
| 801 | 0 | @aCN@b大连网信软件有限公司图书馆·11@c20131227 |
| 905 | @aZUCC@dH319.6@eC653 | |
| 考研英语真题超精读:基础篇/陈正康主编.-北京:北京理工大学出版社,2013.02 |
| 316页;28cm |
| ISBN 7-5640-6881-7:CNY39.80 |
| ● |
| 相关链接 |
|
|
|
正题名:考研英语真题超精读:基础篇
索取号:H319.6/C653
 
预约/预借
| 序号 | 登录号 | 条形码 | 馆藏地/架位号 | 状态 | 备注 |
| 1 | 492546 | 204925466 | 语言库209/209语言库 57排1列2层/ [索取号:H319.6/C653] | 在馆 |